Steven Universe gems and fusion - Picture Quiz - Statistics

General Stats
  • This quiz has been taken 107 times
    106 since last reset
  • The average score is 29 of 82
Answer Stats
Picture Answer % Correct
Garnet
100%
Peridot
97%
Yellow Diamond
86%
Lapis Lazuli
84%
Pink Pearl
80%
White Diamond
80%
Rose Quartz
78%
Bismuth
77%
Malachite
77%
Spinel
77%
Pearl
74%
Yellow Pearl
70%
Ruby
69%
Amethyst
68%
Smoky Quartz
68%
Aquamarine
66%
Sapphire
62%
Blue Diamond
59%
Opal
59%
Steven Universe
59%
Obsidian
58%
Blue Pearl
57%
Sunstone
55%
Pink Diamond
54%
Stevonnie
54%
Jasper
51%
Rainbow Quartz
50%
Giant Ruby
49%
Sugilite
47%
Alexandrite
42%
Steg
42%
Eyeball Ruby
39%
Rainbow Quartz 2.0
38%
Rhodonite
38%
The Cluster
38%
Topaz
38%
Pebbles
35%
Sardonyx
35%
Nephrite
34%
Emerald
32%
Army Ruby
31%
Bluebird Azurite
30%
Mega Pearl
30%
Navy Ruby
30%
Holly Blue Agate
27%
Fluorite
24%
Rutile Twins
23%
Zircon (Prosecuting)
22%
Larimar
20%
Padparadscha
20%
Biggs Jasper
18%
Zircon (Defense)
18%
Carnelian
16%
Leggy Ruby
16%
Earth Beetle
15%
Skinny Jasper
15%
Crazy Lace Agate
14%
Snowflake Obsidian
14%
Zebra Jasper (fusion)
14%
Demantoid
12%
Mean Lapis Lazuli
12%
Doc Ruby
11%
Flint
11%
Heaven Beetle
11%
Lemon Jade
11%
Cherry Quartz
9%
Hessonite
8%
Nice Lapis Lazuli
8%
Pyrope
8%
Zebra Jasper (singular)
8%
Bixbite
7%
Aubergine Pearl
5%
Hippie Rose Quartz
5%
Ocean Jasper
5%
Shy Rose Quartz
5%
Watermelon Tourmaline
5%
Blue Lace Agate
4%
Chert
4%
Orange Spodumene
4%
Superfan Rose Quartz
3%
Angel Aura Quartz
1%
Lace Amethyst
1%
No matching quizzes found
Score Distribution
Percent of People with Each Score
Percentile by Number Answered
Your Score History
You have not taken this quiz since the last reset